Sports Quiz

Random Sports or NBA Quiz

Last 10 NBA All-Stars Per Team Quiz Stats

 Plays Quiz Updated Mar 8, 2021

Support Sporcle.
Go Orange.
Score 0/279 Timer 20:00
19 Plays Today
NBA Team Played For Player % Correct
LakersLeBron James
98.9%
LakersKobe Bryant
97.7%
HeatLeBron James
96%
BullsMichael Jordan
94.1%
Wizards/BulletsMichael Jordan
94.1%
LakersShaquille O'Neal
93.3%
HeatShaquille O'Neal
93.3%
MagicShaquille O'Neal
93.3%
SunsShaquille O'Neal
93.3%
Clippers/BravesDeAndre Jordan
93.2%
LakersPau Gasol
92.5%
GrizzliesPau Gasol
92.5%
PacersJermaine O'Neal
92.4%
WarriorsKevin Durant
92.4%
NuggetsCarmelo Anthony
91.8%
Pelicans/HornetsDavid West
91.4%
GrizzliesMarc Gasol
91.4%
HeatJimmy Butler
91.4%
LakersAnthony Davis
91.3%
Pelicans/HornetsChris Paul
90.8%
BullsDerrick Rose
90.7%
WarriorsStephen Curry
89.9%
MagicDwight Howard
89.2%
Clippers/BravesBlake Griffin
89.1%
RaptorsKawhi Leonard
88.9%
Pelicans/HornetsAnthony Davis
88.9%
RocketsJames Harden
88.8%
SunsChris Paul
88.5%
CelticsKevin Garnett
88.5%
TimberwolvesKevin Garnett
88.5%
MavericksJosh Howard
88.5%
Wizards/BulletsJuwan Howard
88.5%
LakersDwight Howard
88.5%
HawksJoe Johnson
88.3%
CavaliersKyrie Irving
88.2%
Hornets/BobcatsLarry Johnson
88.1%
PistonsBlake Griffin
88.1%
Clippers/BravesMarques Johnson
88.1%
BucksMarques Johnson
88.1%
WarriorsKlay Thompson
87.9%
RocketsDwight Howard
87.4%
HeatDwyane Wade
87.4%
MavericksSteve Nash
87.4%
SunsSteve Nash
87.4%
CelticsPaul Pierce
86.9%
76ersBen Simmons
86.8%
WarriorsDraymond Green
86.6%
BucksRicky Pierce
86.4%
CelticsRay Allen
86.1%
Thunder/SonicsRay Allen
86.1%
BucksRay Allen
86.1%
PacersPaul George
85.9%
MavericksLuka Dončić
85.9%
SpursKawhi Leonard
85.8%
BullsScottie Pippen
85.7%
CavaliersKevin Love
85.6%
CelticsKyrie Irving
85.1%
NuggetsAllen Iverson
84.7%
PistonsAllen Iverson
84.7%
76ersAllen Iverson
84.7%
Wizards/BulletsJohn Wall
84.5%
SpursTony Parker
84%
CelticsIsaiah Thomas
83.7%
TimberwolvesKevin Love
83.5%
Pelicans/HornetsBaron Davis
83.2%
KnicksCarmelo Anthony
83.1%
RaptorsAntonio Davis
83.1%
PacersDale Davis
83.1%
Pelicans/HornetsZion Williamson
82.9%
MavericksDirk Nowitzki
82.8%
HeatChris Bosh
82.5%
RaptorsChris Bosh
82.5%
NuggetsNikola Jokić
82.2%
NetsJoe Johnson
80.9%
SpursLaMarcus Aldridge
80.8%
CelticsRajon Rondo
80.5%
RocketsRussell Westbrook
80.3%
Wizards/BulletsBradley Beal
80.2%
JazzDeron Williams
80%
NetsDeron Williams
80%
MavericksJason Kidd
80%
SunsJason Kidd
80%
NetsJason Kidd
80%
NetsKevin Durant
80%
CavaliersMo Williams
79.9%
RaptorsPascal Siakam
79.5%
RaptorsVince Carter
79.4%
NetsVince Carter
79.4%
BucksKhris Middleton
79.1%
RaptorsKyle Lowry
79.1%
TimberwolvesKarl-Anthony Towns
79.1%
NetsD'Angelo Russell
78.1%
Hornets/BobcatsKemba Walker
77.9%
NBA Team Played For Player % Correct
RaptorsDeMar DeRozan
77.8%
Thunder/SonicsKevin Durant
77.7%
KnicksKristaps Porzingis
77.6%
BucksGiannis Antetokounmpo
77.5%
SpursDavid Robinson
77.5%
MagicTracy McGrady
77.3%
RocketsTracy McGrady
77.3%
BucksGlenn Robinson
77.3%
Trail BlazersClifford Robinson
77.3%
JazzKarl Malone
77.2%
Clippers/BravesKawhi Leonard
77.1%
BullsJoakim Noah
76.5%
CavaliersLeBron James
76.3%
SpursManu Ginobili
76.2%
CelticsJaylen Brown
75.7%
HeatBam Adebayo
75.6%
KnicksAmar'e Stoudemire
75.2%
SunsAmar'e Stoudemire
75.2%
PistonsBen Wallace
75.2%
Pelicans/HornetsBrandon Ingram
75.2%
Wizards/BulletsCaron Butler
75.1%
Trail BlazersRasheed Wallace
75.1%
PistonsRasheed Wallace
75.1%
Hornets/BobcatsGerald Wallace
75.1%
RocketsYao Ming
74.4%
JazzGordon Hayward
74.4%
PistonsAndre Drummond
74.2%
HawksAl Horford
74.1%
Clippers/BravesChris Paul
73%
Thunder/SonicsGary Payton
72.8%
KnicksPatrick Ewing
72.2%
HawksSteve Smith
71.6%
JazzDonovan Mitchell
71.3%
MagicNikola Vučević
71.2%
NuggetsChauncey Billups
71.1%
PistonsChauncey Billups
71.1%
JazzJohn Stockton
70.9%
PacersReggie Miller
70.7%
PacersBrad Miller
70.5%
Kings/RoyalsBrad Miller
70.5%
HawksPaul Millsap
70.1%
Thunder/SonicsRussell Westbrook
69.9%
BullsPau Gasol
69.8%
Thunder/SonicsPaul George
69.6%
RocketsHakeem Olajuwon
69.3%
Thunder/SonicsChris Paul
69.2%
BullsJimmy Butler
68.9%
CelticsAl Horford
67.6%
HeatTim Hardaway
67.1%
WarriorsTim Hardaway
67.1%
MagicAnfernee Hardaway
67.1%
Wizards/BulletsChris Webber
66.3%
Kings/RoyalsChris Webber
66.3%
Thunder/SonicsShawn Kemp
66.2%
CavaliersShawn Kemp
66.2%
SunsCharles Barkley
65.9%
76ersCharles Barkley
65.9%
NetsBrook Lopez
66%
RocketsClyde Drexler
65.9%
Trail BlazersClyde Drexler
65.9%
Trail BlazersDamian Lillard
65.8%
HeatGoran Dragić
65.5%
CelticsJayson Tatum
64.1%
GrizzliesZach Randolph
63.8%
CelticsKemba Walker
63%
HawksTrae Young
62.1%
SpursTim Duncan
61.6%
Wizards/BulletsGilbert Arenas
61.5%
76ersAndre Iguodala
61.1%
LakersAndrew Bynum
60.9%
PistonsRichard Hamilton
60.7%
Trail BlazersLaMarcus Aldridge
60.7%
HeatAlonzo Mourning
60.7%
Trail BlazersBrandon Roy
58.7%
Kings/RoyalsDeMarcus Cousins
58.6%
Hornets/BobcatsAlonzo Mourning
58.5%
BullsLuol Deng
58.2%
PacersVictor Oladipo
58.1%
JazzCarlos Boozer
56.8%
HawksDikembe Mutombo
56.7%
NuggetsDikembe Mutombo
56.7%
76ersDikembe Mutombo
56.7%
PacersRoy Hibbert
55.9%
MagicGrant Hill
55.7%
PistonsGrant Hill
55.7%
CavaliersTyrone Hill
55.6%
KnicksDavid Lee
55%
HawksKyle Korver
55%
WarriorsDavid Lee
54.7%
WarriorsChris Mullin
54%
SunsShawn Marion
53.5%
BucksMichael Redd
53.4%
MagicRashard Lewis
53.3%
NBA Team Played For Player % Correct
Thunder/SonicsRashard Lewis
53.3%
PacersDanny Granger
53%
KnicksTyson Chandler
52.5%
Clippers/BravesElton Brand
52.4%
HawksJeff Teague
52%
BullsHorace Grant
51.6%
Kings/RoyalsPeja Stojakovic
51.5%
PacersRon Artest
51.1%
NetsKyrie Irving
50.4%
LakersEddie Jones
49.3%
Hornets/BobcatsEddie Jones
49.3%
KnicksLatrell Sprewell
48.5%
WarriorsLatrell Sprewell
48.5%
76ersJrue Holiday
48.4%
KnicksJulius Randle
48%
76ersJoel Embiid
47.7%
SunsStephon Marbury
47.6%
SpursGeorge Gervin
47.6%
SpursAlvin Robertson
47.3%
BucksAlvin Robertson
47.3%
RocketsSteve Francis
46.6%
CavaliersMark Price
46.5%
Kings/RoyalsVlade Divac
46.1%
Wizards/BulletsAntawn Jamison
45.8%
NuggetsAlex English
45.3%
NetsJames Harden
44.8%
MagicJameer Nelson
43.6%
PistonsJoe Dumars
43%
CavaliersZydrunas Ilgauskas
42.7%
PacersDomantas Sabonis
42.6%
TimberwolvesSam Cassell
42.3%
Kings/RoyalsMitch Richmond
42.2%
KnicksAllan Houston
42%
JazzRudy Gobert
41.5%
JazzAndrei Kirilenko
41.1%
LakersCedric Ceballos
40%
Hornets/BobcatsGlen Rice
39.8%
SunsDevin Booker
39.5%
PistonsJerry Stackhouse
38.5%
LakersNick Van Exel
38%
KnicksC. Oakley & J. Starks
36.2%
MavericksMichael Finley
34.6%
Thunder/SonicsDetlef Schrempf
34%
BullsB.J. Armstrong
33.5%
NetsDevin Harris
33.3%
RocketsRalph Sampson
30.8%
Trail BlazersTerry Porter
30.6%
CavaliersBrad Daugherty
30.2%
Wizards/BulletsBernard King
29.8%
Pelicans/HornetsJamal Mashburn
29.5%
JazzMehmet Okur
29.2%
Clippers/BravesChris Kaman
28.1%
JazzMike Conley
26.7%
76ersMaurice Cheeks
25.5%
MavericksMark Aguirre
25%
HawksShareef Abdur-Rahim
24.7%
Trail BlazersKermit Washington
23.5%
SpursArtis Gilmore
23.5%
BucksSidney Moncrief
23.3%
SunsDan Majerle
23.2%
SpursSean Elliott
23%
TimberwolvesWally Szczerbiak
21.8%
HeatAnthony Mason
21.7%
Clippers/BravesPaul George
21.5%
Thunder/SonicsVin Baker
21.4%
BucksVin Baker
21.4%
Kings/RoyalsNate 'Tiny' Archibald
20.6%
Clippers/BravesDanny Manning
20.4%
NuggetsAntonio McDyess
20.4%
MavericksRolando Blackman
20.2%
BullsZach LaVine
18.5%
NuggetsKiki Vandeweghe
18.1%
NuggetsLafayette 'Fat' Lever
18%
RocketsOtis Thorpe
17.9%
Trail BlazersJim Paxson
17.1%
Wizards/BulletsMichael Adams
17%
76ersHersey Hawkins
16.5%
CavaliersTerrell Brandon
16.5%
BucksTerry Cummings
16.1%
HawksChristian Laettner
15.8%
Pelicans/HornetsJamaal Magloire
15.8%
Trail BlazersKevin Duckworth
15.3%
TimberwolvesTom Gugliotta
13.9%
WarriorsJoe Barry Carroll
12.1%
76ersDana Barros
9.3%
WarriorsSleepy Floyd
8.5%
Clippers/BravesNorm Nixon
7.7%
MavericksChris Gatling
6.4%
MavericksJames Donaldson
6%
Kings/RoyalsOtis Birdsong
5.8%
Kings/RoyalsSam Lacey
4.7%
Kings/RoyalsScott Wedman
4.2%
NuggetsCalvin Natt
4.2%

From the Vault

LogiCrossword: Taxonomic Ranks

by El_Dandy

Science 3m
This quiz is recommended only for Homo sapiens.
Remove Ads.
Support Sporcle.
Get the best of Sporcle when you Go Orange. This ad-free experience offers more features, more stats, and more fun while also helping to support Sporcle. Thank you for becoming a member.

Show Comments

Extras

Top Quizzes Today


Score Distribution

Your Account Isn't Verified!

In order to create a playlist on Sporcle, you need to verify the email address you used during registration. Go to your Sporcle Settings to finish the process.

Report this User

Report this user for behavior that violates our Community Guidelines.

Details: